Camino hacia una tierra socialista: escritos de viaje
Furkejuvvon:
| Váldodahkki: | |
|---|---|
| Materiálatiipa: | Girji |
| Giella: | espánnjágiella |
| Almmustuhtton: |
Buenos Aires
Fondo de Cultura Económica
2014
|
| Preanttus: | 1a. ed |
| Ráidu: | Colección Tierra Firme. Serie Viajeros
|
| Fáttát: | |
| Fáddágilkorat: |
Lasit fáddágilkoriid
Eai fáddágilkorat, Lasit vuosttaš fáddágilkora!
|
MARC
| LEADER | 00000cam a2200000 a 4500 | ||
|---|---|---|---|
| 001 | UCD0355 | ||
| 003 | CL-VaPUC | ||
| 008 | 151127e20140000ag |||||||||||||||||spa|d | ||
| 020 | |a 9789877190618 | ||
| 082 | 0 | 4 | |a 910.4 |b VAL |2 21 |
| 100 | |a Vallejo, César |e author |9 269109 | ||
| 245 | 1 | 0 | |a Camino hacia una tierra socialista: escritos de viaje |
| 250 | |a 1a. ed | ||
| 300 | |a 326 p | ||
| 942 | |c BK | ||
| 945 | |d 20151127 13:45:00 |a dcastane | ||
| 260 | |a Buenos Aires |b Fondo de Cultura Económica |c 2014 | ||
| 650 | 0 | |a Relatos de viajes |9 445424 | |
| 650 | 0 | |a Viajes y descripciones |9 363745 | |
| 583 | |a last modification |c 20151127 13:45:00 |k Rodrigo Vera | ||
| 490 | 0 | |a Colección Tierra Firme. Serie Viajeros | |
| 999 | |c 361920 |d 361918 | ||
| 952 | |0 0 |1 0 |3 erb |4 0 |6 910_400000000000000_VAL_2014 |7 0 |8 A |9 472668 |a BIBART |b BIBART |i 5252431 |o 910.4 VAL 2014 |p 5252431 |r 2025-03-13 |w 2019-11-24 |y BK |z Catalogado en:20151127 |k ART | ||